|
|
|
|
| LEADER |
01114nab a2200241 i 4500 |
| 001 |
acta68534 |
| 005 |
20250625134549.0 |
| 008 |
200310s2019 hu o 000 hun d |
| 022 |
|
|
|a 2064-5929
|
| 024 |
7 |
|
|a 10.14232/belv.2019.3.8
|2 doi
|
| 040 |
|
|
|a SZTE Egyetemi Kiadványok Repozitórium
|b hun
|
| 041 |
|
|
|a hun
|
| 100 |
1 |
|
|a Dávid Benjámin
|
| 245 |
1 |
2 |
|a A Nagy Háború és a mindennapok kultúrája = The Great War and culture of everyday
|h [elektronikus dokumentum] /
|c Dávid Benjámin
|
| 260 |
|
|
|a Belvedere Meridionale
|b Szeged
|c 2019
|
| 300 |
|
|
|a 147-152
|
| 490 |
0 |
|
|a Belvedere Meridionale
|v 31 No. 3
|
| 650 |
|
4 |
|a Bölcsészettudományok
|
| 650 |
|
4 |
|a Történettudomány és régészet
|
| 695 |
|
|
|a Világháború - 1. - Magyarország - könyvismertetés, Hadtörténet - magyar - 1914-1918 - könyvismertetés, Magyarország története - 1914-1918 - könyvismertetés, Művelődéstörténet - Osztrák-Magyar Monarchia - könyvismertetés
|
| 700 |
0 |
1 |
|a Gleszer Norbert
|
| 700 |
0 |
1 |
|a Mód László Balázs
|
| 856 |
4 |
0 |
|u http://acta.bibl.u-szeged.hu/68534/1/belvedere_2019_003_147-152.pdf
|z Dokumentum-elérés
|